Online Catalogue and eLibrary

From one day to another : (Record no. 2925)

MARC details
000 -LEADER
fixed length control field 00512nam a2200169Ia 4500
005 - DATE AND TIME OF LATEST TRANSACTION
control field 20240603234844.0
008 - FIXED-LENGTH DATA ELEMENTS--GENERAL INFORMATION
fixed length control field 240331s9999 xx 000 0 und d
020 ## - INTERNATIONAL STANDARD BOOK NUMBER
ISBN 0646337297
082 ## - DDC Classification
Item Number - Author Mark SIS
Class No. 362
100 ## - MAIN ENTRY--PERSONAL NAME
Personal name Sissons, M.E
245 #0 - TITLE STATEMENT
Title From one day to another :
Remainder of title violations of women's reproductive and sexual rights in East Timor
260 ## - PUBLICATION, DISTRIBUTION, ETC.
Place of publication, distribution, etc. Victoria
Name of publisher, distributor, etc. East Timer Human Rights Centre Incorporated
Date of publication, distribution, etc. 1997
300 ## - PHYSICAL DESCRIPTION
Extent (e.g. Volumes, Pages etc.) 46 p.,
650 ## - SUBJECT ADDED ENTRY--TOPICAL TERM
Topical term or geographic name entry element Sexual Rights
650 ## - SUBJECT ADDED ENTRY--TOPICAL TERM
Topical term or geographic name entry element Women's Reproductive
942 ## - Koha item type (Biblio)
Koha item type Books in Stacks (Lending)
Holdings
Lost status Damaged status Collection code Home library Current library Shelving location Date acquired Full call number Accession Number Item type
    Lending WERC Library WERC Library Social Science Cupboard 03/31/2024 362.8 SIS 2771 Books in Stacks (Lending)

© WERC Library